000
00267nam a22001097a 4500
008
160425b xxu||||| |||| 00| 0 eng d
020
_a
9780803621794
041
_a
eng
080
_a
618.2
245
_a
Pediatric nursing:
_c
Kathryn rudd; Diane Kocisko;
942
_2
udc
_c
BK
999
_c
1576
_d
1576